| 000 | 00641nam a2200217 a 4500 | ||
|---|---|---|---|
| 001 | 00004008 | ||
| 008 | 110328s1996 bg a g 000 0 eng d | ||
| 040 |
_aBD-DhIUB _cBD-DhIUB |
||
| 082 | 0 | 4 |
_a615.5095492 _219 |
| 245 | 0 | 0 |
_aBangladesh health and demographic survey : _bsummary findings, 1994 and 1995 |
| 250 | _a1st ed. | ||
| 260 |
_aDhaka : _bMinistry of Planning, Bangladesh, _c1996. |
||
| 300 |
_a36 p. : _bill. ; _c27.5 cm. |
||
| 520 | 0 | _aHealth and Population | |
| 556 | _a1998-08-27 | ||
| 650 | 1 | 7 |
_aHealth _2Spines |
| 650 | 1 | 7 |
_aDemography _2Spines |
| 651 | 4 | _aBangladesh | |
| 999 |
_c12217 _d12217 |
||
| 526 | _bph | ||